[Event "Blitz Open"]
[Site "?"]
[Date "2018.08.03"]
[Round "3.14"]
[White "Mousavi, Seyed Khalil"]
[Black "Khairallah, Ralph"]
[Result "1-0"]
[BlackElo "1738"]
[WhiteElo "2517"]
[LiveChessVersion "1.4.8"]

1. c4 {[%clk 0:03:02]} e6 {[%clk 0:03:04]} 2. Nf3 {[%clk 0:03:03]} d5
{[%clk 0:03:05]} 3. d4 {[%clk 0:03:04]} Nf6 {[%clk 0:03:06]} 4. e3
{[%clk 0:03:06]} Be7 {[%clk 0:03:07]} 5. b3 {[%clk 0:03:06]} O-O {[%clk 0:03:06]}
6. Bb2 {[%clk 0:03:07]} c6 {[%clk 0:03:04]} 7. Nbd2 {[%clk 0:03:07]} Nbd7
{[%clk 0:03:05]} 8. Bd3 {[%clk 0:03:08]} c5 {[%clk 0:02:59]} 9. O-O
{[%clk 0:03:07]} b6 {[%clk 0:02:56]} 10. cxd5 {[%clk 0:03:04]} exd5
{[%clk 0:02:55]} 11. Ne5 {[%clk 0:03:05]} Bb7 {[%clk 0:02:51]} 12. Qe2
{[%clk 0:03:05]} Rc8 {[%clk 0:02:42]} 13. Bf5 {[%clk 0:03:03]} Rc7
{[%clk 0:02:30]} 14. Rac1 {[%clk 0:02:56]} Bd6 {[%clk 0:02:30]} 15. f4
{[%clk 0:02:50]} Re8 {[%clk 0:02:22]} 16. Qf3 {[%clk 0:02:47]} g6
{[%clk 0:02:17]} 17. Bb1 {[%clk 0:02:40]} Bf8 {[%clk 0:02:18]} 18. Qh3
{[%clk 0:02:31]} Bg7 {[%clk 0:02:14]} 19. f5 {[%clk 0:02:27]} Nxe5
{[%clk 0:02:07]} 20. dxe5 {[%clk 0:02:27]} Nd7 {[%clk 0:02:04]} 21. f6
{[%clk 0:02:22]} Bf8 {[%clk 0:02:00]} 22. e6 {[%clk 0:02:17]} Nb8
{[%clk 0:01:35]} 23. e7 {[%clk 0:02:18]} Qd6 {[%clk 0:01:25]} 24. Nf3
{[%clk 0:02:02]} h5 {[%clk 0:01:22]} 25. Be5 {[%clk 0:02:00]} Qc6
{[%clk 0:00:56]} 26. exf8=Q+ {[%clk 0:01:44]} Rxf8 {[%clk 0:00:56]} 27. Bxc7
{[%clk 0:01:44]} Qxc7 {[%clk 0:00:57]} 28. Qg3 {[%clk 0:01:44]} Qd7
{[%clk 0:00:47]} 29. Ne5 {[%clk 0:01:43]} Qe6 {[%clk 0:00:44]} 30. Nxg6
{[%clk 0:01:41]} Qg4 {[%clk 0:00:32]} 31. Qxg4 {[%clk 0:01:35]} hxg4
{[%clk 0:00:33]} 32. Ne7+ {[%clk 0:01:34]} Kh8 {[%clk 0:00:31]} 33. Rf5
{[%clk 0:01:34]} 1-0

[Event "Blitz Open"]
[Site "?"]
[Date "2018.08.03"]
[Round "3.15"]
[White "Najjar, Ahmad"]
[Black "Pourramezanali, Amirreza"]
[Result "0-1"]
[BlackElo "2449"]
[WhiteElo "2142"]
[LiveChessVersion "1.4.8"]

1. d4 {[%clk 0:03:04]} d5 {[%clk 0:03:03]} 2. Nf3 {[%clk 0:03:05]} Nf6
{[%clk 0:03:05]} 3. Bf4 {[%clk 0:03:06]} c5 {[%clk 0:03:05]} 4. e3
{[%clk 0:03:07]} Nc6 {[%clk 0:03:06]} 5. Nc3 {[%clk 0:03:08]} Bg4
{[%clk 0:02:56]} 6. Be2 {[%clk 0:03:01]} e6 {[%clk 0:02:57]} 7. O-O
{[%clk 0:03:02]} Bxf3 {[%clk 0:02:51]} 8. Bxf3 {[%clk 0:03:02]} cxd4
{[%clk 0:02:52]} 9. exd4 {[%clk 0:03:04]} Bd6 {[%clk 0:02:53]} 10. Bg3
{[%clk 0:03:02]} Bxg3 {[%clk 0:02:53]} 11. hxg3 {[%clk 0:03:03]} Qb6
{[%clk 0:02:47]} 12. Ne2 Qxb2 {[%clk 0:02:37]} 13. Rb1 {[%clk 0:03:03]} Qxa2
{[%clk 0:02:38]} 14. Rxb7 {[%clk 0:03:04]} O-O {[%clk 0:02:34]} 15. Qd3
{[%clk 0:02:45]} Rab8 {[%clk 0:02:23]} 16. Rfb1 {[%clk 0:02:37]} Qxb1+ 17. Rxb1
{[%clk 0:02:37]} Rxb1+ {[%clk 0:02:22]} 18. Kh2 {[%clk 0:02:38]} Rb6
{[%clk 0:02:14]} 19. c4 {[%clk 0:02:36]} dxc4 {[%clk 0:02:04]} 20. Qxc4
{[%clk 0:02:37]} Rc8 {[%clk 0:01:35]} 21. Nf4 {[%clk 0:02:19]} h6
{[%clk 0:01:33]} 22. d5 {[%clk 0:02:14]} Ne7 {[%clk 0:01:31]} 23. Qa2
{[%clk 0:02:08]} Nexd5 {[%clk 0:01:30]} 24. Nxd5 {[%clk 0:02:09]} Nxd5
{[%clk 0:01:30]} 25. Qxa7 {[%clk 0:02:05]} Rbb8 {[%clk 0:01:27]} 26. Qa5
{[%clk 0:02:03]} Rd8 {[%clk 0:01:23]} 27. Qe1 {[%clk 0:01:59]} Nf6
{[%clk 0:01:24]} 28. Qe5 {[%clk 0:01:57]} Rbc8 {[%clk 0:01:23]} 29. Qa5
{[%clk 0:01:57]} g6 {[%clk 0:01:22]} 30. Qa1 {[%clk 0:01:54]} Kg7
{[%clk 0:01:19]} 31. g4 {[%clk 0:01:52]} Rd2 {[%clk 0:01:17]} 32. Kg3
{[%clk 0:01:41]} Rcc2 {[%clk 0:01:17]} 33. Qa7 {[%clk 0:01:33]} Rxf2
{[%clk 0:01:16]} 34. Qxf2 {[%clk 0:01:22]} Rxf2 {[%clk 0:01:17]} 35. Kxf2
{[%clk 0:01:23]} g5 {[%clk 0:01:17]} 36. Ke3 {[%clk 0:01:24]} Ne8 37. Kd4 Kf6
{[%clk 0:01:13]} 38. Bc6 {[%clk 0:01:21]} Ke7 {[%clk 0:01:10]} 39. Ke5
{[%clk 0:01:14]} Nc7 {[%clk 0:01:09]} 40. Bf3 {[%clk 0:01:12]} f6+
{[%clk 0:01:10]} 41. Kd4 {[%clk 0:01:13]} Kd6 {[%clk 0:01:10]} 42. Bb7
{[%clk 0:01:12]} Nb5+ {[%clk 0:01:10]} 43. Ke3 {[%clk 0:01:06]} Ke5
{[%clk 0:01:10]} 44. Bf3 {[%clk 0:01:04]} Nc7 {[%clk 0:01:10]} 45. Kf2
{[%clk 0:01:03]} Kd4 {[%clk 0:01:08]} 46. Bc6 {[%clk 0:00:59]} Ke5
{[%clk 0:00:52]} 47. Kf3 {[%clk 0:00:58]} Nd5 {[%clk 0:00:53]} 48. Bb7
{[%clk 0:00:57]} f5 {[%clk 0:00:51]} 49. gxf5 {[%clk 0:00:57]} exf5
{[%clk 0:00:52]} 50. g3 {[%clk 0:00:54]} Nf6 {[%clk 0:00:50]} 51. Bc8
{[%clk 0:00:52]} Ne8 {[%clk 0:00:46]} 52. Bd7 {[%clk 0:00:51]} Nd6
{[%clk 0:00:47]} 53. Bc6 {[%clk 0:00:52]} Nc4 {[%clk 0:00:42]} 54. Bb5
{[%clk 0:00:50]} Nd2+ {[%clk 0:00:38]} 55. Kg2 {[%clk 0:00:46]} f4
{[%clk 0:00:37]} 56. gxf4+ {[%clk 0:00:46]} Kxf4 {[%clk 0:00:36]} 57. Bd7
{[%clk 0:00:43]} h5 {[%clk 0:00:34]} 58. Be8 {[%clk 0:00:42]} h4 {[%clk 0:00:34]}
59. Kh3 {[%clk 0:00:41]} Ne4 {[%clk 0:00:30]} 60. Bd7 {[%clk 0:00:39]} Nf6
{[%clk 0:00:29]} 61. Bc8 {[%clk 0:00:41]} Nd5 {[%clk 0:00:28]} 62. Bd7
{[%clk 0:00:38]} Nc3 {[%clk 0:00:29]} 63. Bc8 {[%clk 0:00:36]} Nd1
{[%clk 0:00:30]} 64. Bd7 {[%clk 0:00:34]} Nf2+ {[%clk 0:00:30]} 65. Kg2
{[%clk 0:00:36]} Ne4 {[%clk 0:00:31]} 66. Kh3 {[%clk 0:00:36]} Nf6
{[%clk 0:00:31]} 67. Bc8 {[%clk 0:00:37]} Ke5 {[%clk 0:00:31]} 68. Ba6
{[%clk 0:00:36]} Kf5 {[%clk 0:00:31]} 69. Bc8+ {[%clk 0:00:37]} Kg6
{[%clk 0:00:32]} 70. Be6 {[%clk 0:00:36]} Kh6 {[%clk 0:00:33]} 71. Bc8
{[%clk 0:00:37]} Kh5 {[%clk 0:00:33]} 72. Be6 {[%clk 0:00:34]} g4+
{[%clk 0:00:35]} 73. Kh2 {[%clk 0:00:32]} Kg5 {[%clk 0:00:36]} 74. Bc8
{[%clk 0:00:33]} Kf4 {[%clk 0:00:36]} 75. Bb7 {[%clk 0:00:33]} Nh7
{[%clk 0:00:37]} 76. Bc8 {[%clk 0:00:33]} Ng5 {[%clk 0:00:38]} 77. Bb7
{[%clk 0:00:33]} Nf3+ {[%clk 0:00:37]} 78. Kg2 {[%clk 0:00:33]} h3+
{[%clk 0:00:36]} 79. Kh1 {[%clk 0:00:35]} Kg3 {[%clk 0:00:28]} 80. Bc6
{[%clk 0:00:33]} Ne1 {[%clk 0:00:25]} 81. Kg1 {[%clk 0:00:30]} Nd3
{[%clk 0:00:25]} 82. Bb7 {[%clk 0:00:25]} Nf2 {[%clk 0:00:23]} 83. Kf1
{[%clk 0:00:16]} h2 {[%clk 0:00:24]} 0-1

[Event "Blitz Open"]
[Site "?"]
[Date "2018.08.03"]
[Round "3.16"]
[White "Lorparizangeneh, Shahin"]
[Black "El Jawich, Amro"]
[Result "1-0"]
[BlackElo "2318"]
[WhiteElo "2487"]
[LiveChessVersion "1.4.8"]

1. d4 Nf6 2. Nf3 g6 3. Bg5 Bg7 4. Nbd2 c5 5. e3 {[%clk 0:03:02]} O-O
{[%clk 0:02:51]} 6. c3 {[%clk 0:02:59]} b6 {[%clk 0:02:43]} 7. a4
{[%clk 0:02:59]} Bb7 {[%clk 0:02:43]} 8. a5 {[%clk 0:03:00]} d5 {[%clk 0:02:34]}
9. Ne5 {[%clk 0:02:54]} Nbd7 {[%clk 0:02:31]} 10. a6 {[%clk 0:02:53]} Bc8
{[%clk 0:02:23]} 11. Nc6 {[%clk 0:02:48]} Qe8 {[%clk 0:02:24]} 12. Bb5
{[%clk 0:02:48]} Nb8 {[%clk 0:01:55]} 13. dxc5 {[%clk 0:01:40]} Nxc6
{[%clk 0:01:46]} 14. Nb3 {[%clk 0:01:34]} Ne4 {[%clk 0:01:30]} 15. Qxd5
{[%clk 0:01:26]} Nb4 {[%clk 0:00:47]} 16. Qxe4 {[%clk 0:00:17]} Qxb5
{[%clk 0:00:46]} 17. Qxb4 {[%clk 0:00:17]} Qxb4 {[%clk 0:00:33]} 18. cxb4
{[%clk 0:00:18]} Bxb2 {[%clk 0:00:34]} 19. O-O {[%clk 0:00:08]} Bxa1 20. Rxa1
{[%clk 0:00:09]} Be6 {[%clk 0:00:35]} 21. Nd4 {[%clk 0:00:10]} bxc5
{[%clk 0:00:35]} 22. bxc5 {[%clk 0:00:10]} Rfe8 {[%clk 0:00:25]} 23. c6
{[%clk 0:00:11]} Bc8 {[%clk 0:00:24]} 24. c7 {[%clk 0:00:10]} f6 {[%clk 0:00:24]}
25. Bh4 {[%clk 0:00:11]} e5 {[%clk 0:00:22]} 26. Nb5 {[%clk 0:00:12]} Kf7
{[%clk 0:00:21]} 27. Nd6+ {[%clk 0:00:13]} Ke7 {[%clk 0:00:20]} 28. Nxe8
{[%clk 0:00:14]} Kxe8 {[%clk 0:00:22]} 29. Bxf6 {[%clk 0:00:15]} e4
{[%clk 0:00:21]} 30. Rb1 {[%clk 0:00:14]} 1-0

[Event "Blitz Open"]
[Site "?"]
[Date "2018.08.03"]
[Round "4.1"]
[White "Maghsoodloo, Parham"]
[Black "Lu, Shanglei"]
[Result "1-0"]
[BlackElo "2635"]
[WhiteElo "2650"]
[LiveChessVersion "1.4.8"]

1. Nf3 {[%clk 0:03:01]} d6 {[%clk 0:03:03]} 2. d4 {[%clk 0:03:00]} g6
{[%clk 0:03:04]} 3. g3 {[%clk 0:03:01]} Bg7 {[%clk 0:03:06]} 4. Bg2
{[%clk 0:03:02]} f5 {[%clk 0:03:07]} 5. b3 {[%clk 0:03:00]} Nf6 {[%clk 0:03:07]}
6. Bb2 {[%clk 0:03:01]} O-O {[%clk 0:03:07]} 7. O-O {[%clk 0:03:00]} c6
{[%clk 0:03:07]} 8. c4 {[%clk 0:03:01]} Qe8 {[%clk 0:03:03]} 9. b4
{[%clk 0:02:55]} Na6 {[%clk 0:02:56]} 10. Qb3 {[%clk 0:02:49]} Kh8
{[%clk 0:02:57]} 11. a4 {[%clk 0:02:48]} Nc7 {[%clk 0:02:48]} 12. b5
{[%clk 0:02:48]} Be6 {[%clk 0:02:49]} 13. Nc3 {[%clk 0:02:46]} Bg8
{[%clk 0:02:47]} 14. Ba3 {[%clk 0:02:34]} Qf7 {[%clk 0:02:26]} 15. Nd2
{[%clk 0:02:27]} Rab8 {[%clk 0:02:26]} 16. Qc2 {[%clk 0:02:21]} Ne6
{[%clk 0:02:13]} 17. e3 {[%clk 0:02:21]} c5 {[%clk 0:02:14]} 18. d5
{[%clk 0:02:22]} Nc7 {[%clk 0:02:04]} 19. Bb2 {[%clk 0:02:23]} h6
{[%clk 0:01:56]} 20. a5 {[%clk 0:02:06]} Bh7 {[%clk 0:01:55]} 21. h3
{[%clk 0:02:07]} g5 {[%clk 0:01:55]} 22. f4 {[%clk 0:02:08]} e5 {[%clk 0:01:39]}
23. dxe6 {[%clk 0:01:54]} Qxe6 {[%clk 0:01:40]} 24. Rae1 {[%clk 0:01:54]} Rbe8
{[%clk 0:01:29]} 25. Bxb7 {[%clk 0:01:43]} Nh5 {[%clk 0:01:12]} 26. Kh2
{[%clk 0:01:41]} Qg6 {[%clk 0:01:11]} 27. Rg1 {[%clk 0:01:39]} Re7
{[%clk 0:01:05]} 28. Bf3 {[%clk 0:01:35]} Rfe8 {[%clk 0:01:06]} 29. b6
{[%clk 0:01:34]} axb6 {[%clk 0:01:07]} 30. axb6 {[%clk 0:01:35]} Na6
{[%clk 0:01:00]} 31. Nd5 {[%clk 0:01:36]} Rf7 {[%clk 0:00:53]} 32. Bxg7+
{[%clk 0:01:08]} Nxg7 {[%clk 0:00:52]} 33. Qc3 {[%clk 0:01:08]} Kg8
{[%clk 0:00:45]} 34. e4 {[%clk 0:01:08]} Nb8 {[%clk 0:00:25]} 35. exf5 Qxf5
{[%clk 0:00:26]} 36. Be4 {[%clk 0:00:57]} Qd7 {[%clk 0:00:13]} 37. Bxh7+ Kxh7
{[%clk 0:00:14]} 38. Nf6+ {[%clk 0:00:48]} Rxf6 39. Qxf6 {[%clk 0:00:49]} Nc6
{[%clk 0:00:06]} 40. fxg5 {[%clk 0:00:47]} Ne5 {[%clk 0:00:06]} 41. Qxh6+
{[%clk 0:00:33]} Kg8 {[%clk 0:00:08]} 42. g6 {[%clk 0:00:34]} Nf5
{[%clk 0:00:04]} 43. Qh7+ 1-0

[Event "Blitz Open"]
[Site "?"]
[Date "2018.08.03"]
[Round "4.2"]
[White "Wen, Yang"]
[Black "Firouzja, Alireza"]
[Result "0-1"]
[BlackElo "2629"]
[WhiteElo "2567"]
[LiveChessVersion "1.4.8"]

1. e4 {[%clk 0:03:03]} c5 {[%clk 0:03:03]} 2. Nf3 {[%clk 0:03:05]} Nc6
{[%clk 0:03:03]} 3. d4 {[%clk 0:03:06]} cxd4 {[%clk 0:03:04]} 4. Nxd4
{[%clk 0:03:07]} Nf6 {[%clk 0:03:05]} 5. Nc3 {[%clk 0:03:08]} d6 {[%clk 0:03:07]}
6. Bg5 {[%clk 0:03:09]} e6 {[%clk 0:03:08]} 7. Qd2 {[%clk 0:03:10]} a6
{[%clk 0:03:09]} 8. O-O-O {[%clk 0:03:10]} Bd7 {[%clk 0:03:10]} 9. f3
{[%clk 0:03:11]} Be7 {[%clk 0:03:08]} 10. h4 {[%clk 0:03:12]} h6 {[%clk 0:03:09]}
11. Be3 {[%clk 0:03:13]} h5 {[%clk 0:03:10]} 12. Bg5 {[%clk 0:03:12]} Ne5
{[%clk 0:03:05]} 13. Kb1 {[%clk 0:03:13]} b5 {[%clk 0:03:06]} 14. Bd3
{[%clk 0:03:12]} Rc8 {[%clk 0:02:59]} 15. Rhe1 {[%clk 0:03:13]} Qb6
{[%clk 0:02:57]} 16. Nce2 {[%clk 0:02:55]} b4 {[%clk 0:02:53]} 17. f4
{[%clk 0:02:28]} Neg4 {[%clk 0:02:44]} 18. Rf1 {[%clk 0:02:00]} a5
{[%clk 0:02:40]} 19. Rde1 {[%clk 0:01:28]} a4 {[%clk 0:02:40]} 20. Nf3
{[%clk 0:01:08]} e5 {[%clk 0:02:07]} 21. Ng3 {[%clk 0:00:58]} Qc5
{[%clk 0:01:29]} 22. Nf5 {[%clk 0:00:55]} Bxf5 23. exf5 {[%clk 0:00:57]} O-O
{[%clk 0:01:27]} 24. Bxf6 {[%clk 0:00:39]} Bxf6 {[%clk 0:01:25]} 25. Ng5
{[%clk 0:00:40]} d5 {[%clk 0:01:19]} 26. fxe5 Nxe5 {[%clk 0:01:20]} 27. Nf3
{[%clk 0:00:07]} Ng4 {[%clk 0:01:14]} 28. Qf4 {[%clk 0:00:07]} a3
{[%clk 0:01:10]} 29. Ne5 {[%clk 0:00:04]} Nxe5 {[%clk 0:01:07]} 30. Rxe5
{[%clk 0:00:05]} axb2 {[%clk 0:01:06]} 31. Ree1 {[%clk 0:00:04]} Ra8
{[%clk 0:01:06]} 32. g4 {[%clk 0:00:03]} Rxa2 {[%clk 0:01:06]} 0-1

[Event "Blitz Open"]
[Site "?"]
[Date "2018.08.03"]
[Round "4.3"]
[White "Tabatabaei, M.Amin"]
[Black "Bai, Jinshi"]
[Result "0-1"]
[BlackElo "2502"]
[WhiteElo "2587"]
[LiveChessVersion "1.4.8"]

1. d4 {[%clk 0:03:04]} Nf6 {[%clk 0:03:03]} 2. Bg5 {[%clk 0:03:05]} g6
{[%clk 0:03:02]} 3. Bxf6 {[%clk 0:03:05]} exf6 {[%clk 0:03:04]} 4. e3
{[%clk 0:03:05]} Bg7 {[%clk 0:03:04]} 5. c4 {[%clk 0:03:06]} d5 {[%clk 0:03:04]}
6. cxd5 {[%clk 0:02:59]} Qxd5 {[%clk 0:03:05]} 7. Nc3 {[%clk 0:03:00]} Qa5
{[%clk 0:03:05]} 8. a3 {[%clk 0:02:52]} c6 {[%clk 0:03:02]} 9. b4
{[%clk 0:02:51]} Qd8 {[%clk 0:03:01]} 10. Bc4 {[%clk 0:02:49]} O-O
{[%clk 0:02:54]} 11. Nf3 {[%clk 0:02:45]} Nd7 {[%clk 0:02:43]} 12. O-O
{[%clk 0:02:41]} Nb6 {[%clk 0:02:44]} 13. Bb3 {[%clk 0:02:42]} f5
{[%clk 0:02:42]} 14. Qc2 {[%clk 0:02:29]} Bd7 {[%clk 0:02:42]} 15. Rfd1
{[%clk 0:02:26]} Qe7 {[%clk 0:02:43]} 16. g3 {[%clk 0:02:21]} a5 {[%clk 0:02:37]}
17. Rab1 {[%clk 0:02:20]} axb4 18. axb4 {[%clk 0:02:22]} Rfc8 {[%clk 0:02:21]}
19. Ne1 {[%clk 0:02:00]} Be6 {[%clk 0:01:58]} 20. Nd3 {[%clk 0:01:58]} Nd7
{[%clk 0:01:49]} 21. Nc5 {[%clk 0:01:48]} Bxb3 {[%clk 0:01:36]} 22. Qxb3
{[%clk 0:01:45]} b5 {[%clk 0:01:26]} 23. Nxd7 Qxd7 {[%clk 0:01:27]} 24. Ne2
{[%clk 0:01:28]} Qe6 {[%clk 0:01:12]} 25. Nf4 {[%clk 0:01:19]} Qxb3 26. Rxb3
{[%clk 0:01:20]} Bf8 {[%clk 0:00:36]} 27. Nd3 {[%clk 0:01:18]} Bd6
{[%clk 0:00:36]} 28. Rc1 {[%clk 0:01:19]} Rc7 {[%clk 0:00:36]} 29. Rbc3
{[%clk 0:01:19]} Rac8 {[%clk 0:00:37]} 30. h4 {[%clk 0:01:20]} f6
{[%clk 0:00:38]} 31. Kg2 {[%clk 0:01:21]} Kf7 {[%clk 0:00:39]} 32. Kf3
{[%clk 0:01:14]} Ke6 {[%clk 0:00:40]} 33. Nc5+ {[%clk 0:01:14]} Kd5
{[%clk 0:00:28]} 34. Nd3 {[%clk 0:01:00]} Ra8 {[%clk 0:00:20]} 35. Nf4+
{[%clk 0:00:26]} Bxf4 36. gxf4 {[%clk 0:00:26]} Ra4 37. Rc5+ Kd6 38. d5 Rxb4
{[%clk 0:00:23]} 39. Rxc6+ {[%clk 0:00:31]} Rxc6 40. Rxc6+ {[%clk 0:00:31]} Kxd5
{[%clk 0:00:25]} 41. Rxf6 {[%clk 0:00:32]} Rc4 {[%clk 0:00:23]} 42. h5
{[%clk 0:00:32]} Rc6 {[%clk 0:00:20]} 43. Rf7 {[%clk 0:00:31]} b4
{[%clk 0:00:14]} 44. Rxh7 {[%clk 0:00:30]} b3 {[%clk 0:00:09]} 45. h6
{[%clk 0:00:19]} Rb6 {[%clk 0:00:11]} 46. Rd7+ {[%clk 0:00:20]} Kc4
{[%clk 0:00:10]} 47. h7 {[%clk 0:00:20]} Rb8 {[%clk 0:00:11]} 48. Rc7+
{[%clk 0:00:17]} Kd5 {[%clk 0:00:09]} 49. Rd7+ {[%clk 0:00:08]} Kc6
{[%clk 0:00:05]} 50. Rd3 {[%clk 0:00:03]} b2 51. Rd1 Rh8 52. Rb1 Rxh7 53. Rxb2
Rd7 {[%clk 0:00:03]} 54. Kg3 {[%clk 0:00:08]} Rd1 {[%clk 0:00:04]} 55. Rb8
{[%clk 0:00:04]} Rg1+ {[%clk 0:00:05]} 56. Kf3 {[%clk 0:00:05]} Kd6
{[%clk 0:00:05]} 57. Re8 {[%clk 0:00:06]} Kd7 {[%clk 0:00:06]} 58. Re5
{[%clk 0:00:07]} Kd6 {[%clk 0:00:07]} 59. Ke2 {[%clk 0:00:08]} Kd7
{[%clk 0:00:08]} 60. Kf3 {[%clk 0:00:06]} Kd6 {[%clk 0:00:09]} 61. Ke2 Kd7 62.
Kf3 {[%clk 0:00:07]} Kd6 {[%clk 0:00:12]} 63. Ke2 Kd7 64. Kd2 {[%clk 0:00:09]}
Kd6 {[%clk 0:00:14]} 65. Kd3 {[%clk 0:00:10]} Rd1+ {[%clk 0:00:14]} 66. Ke2
{[%clk 0:00:10]} Rg1 {[%clk 0:00:15]} 67. Kf3 {[%clk 0:00:11]} Kd7
{[%clk 0:00:16]} 68. Ke2 {[%clk 0:00:11]} Kd6 {[%clk 0:00:18]} 69. f3
{[%clk 0:00:11]} Rg2+ {[%clk 0:00:11]} 70. Kd3 {[%clk 0:00:13]} Rf2
{[%clk 0:00:10]} 0-1